[Event "Titled Tuesday intern op 28th Dec"]
[Site "Chess.com INT"]
[Date "2021.12.28"]
[Round "3"]
[White "Karas, Marek"]
[Black "Maly, Alexey"]
[Result "0-1"]
[WhiteElo "2303"]
[BlackElo "2368"]
[PlyCount "68"]
[EventDate "2021.12.28"]
[EventType "swiss (blitz)"]
[EventRounds "11"]
[EventCountry "USA"]
[SourceTitle "CBM 206 Extra"]
[Source "ChessBase"]
[SourceDate "2022.03.31"]
[SourceVersion "1"]
[SourceVersionDate "2022.03.31"]
[SourceQuality "1"]

1. d4 d5 2. Nf3 Nf6 3. c4 dxc4 4. Qa4+ Nbd7 5. Qxc4 e6 6. g3 a6 7. Bg2 b5 8. Qc2 Bb7 9. O-O c5 10. Rd1 Rc8 11. dxc5 Bxc5 12. Qd3 Be4 13. Qd2 Bxb1 14. Rxb1 Ne4 15. Qf4 Nxf2 16. Rd4 Qf6 17. Qxf6 gxf6 18. Kxf2 e5 19. e3 exd4 20. exd4 Bb6 21. Bf4 Rc2+ 22. Kf1 O-O 23. Ne1 Rc4 24. Bh3 Rd8 25. d5 Ne5 26. Rd1 Rd4 27. Rxd4 Bxd4 28. Bg2 Bxb2 29. Nc2 a5 30. Ne3 a4 31. Nf5 b4 32. d6 b3 33. axb3 a3 34. Ne7+ Kh8 0-1

[Event "Titled Tuesday intern op 28th Dec"]
[Site "Chess.com INT"]
[Date "2021.12.28"]
[Round "3"]
[White "Kezin, Roman"]
[Black "Tasev, Dejan"]
[Result "1-0"]
[WhiteElo "2494"]
[BlackElo "2272"]
[PlyCount "31"]
[EventDate "2021.12.28"]
[EventType "swiss (blitz)"]
[EventRounds "11"]
[EventCountry "USA"]
[SourceTitle "CBM 206 Extra"]
[Source "ChessBase"]
[SourceDate "2022.03.31"]
[SourceVersion "1"]
[SourceVersionDate "2022.03.31"]
[SourceQuality "1"]

1. d4 Nf6 2. c4 e6 3. Nc3 d5 4. Nf3 Be7 5. Bf4 c6 6. e3 O-O 7. Rc1 Nbd7 8. h3 dxc4 9. Bxc4 b5 10. Bd3 a6 11. Ne4 Bb7 12. Nd6 Qb6 13. Qc2 Bxd6 14. Bxd6 Rfe8 15. Ng5 h6 16. Bh7+ 1-0

[Event "Titled Tuesday intern op 28th Dec"]
[Site "Chess.com INT"]
[Date "2021.12.28"]
[Round "3"]
[White "Khamdamova, Afruza"]
[Black "Guliev, Logman"]
[Result "0-1"]
[WhiteElo "1771"]
[BlackElo "2260"]
[PlyCount "70"]
[EventDate "2021.12.28"]
[EventType "swiss (blitz)"]
[EventRounds "11"]
[EventCountry "USA"]
[SourceTitle "CBM 206 Extra"]
[Source "ChessBase"]
[SourceDate "2022.03.31"]
[SourceVersion "1"]
[SourceVersionDate "2022.03.31"]
[SourceQuality "1"]

1. e4 c5 2. Nf3 d6 3. Bc4 e6 4. O-O Nc6 5. d4 cxd4 6. Nxd4 Nf6 7. Nc3 Be7 8. Bg5 O-O 9. Ndb5 a6 10. Bxf6 gxf6 11. Nd4 Nxd4 12. Qxd4 b5 13. Be2 Bb7 14. a4 bxa4 15. Nxa4 Rc8 16. c4 Kh8 17. b4 Rg8 18. b5 axb5 19. cxb5 e5 20. Qe3 f5 21. Bf3 Bg5 22. Qd3 d5 23. Bh5 fxe4 24. Qh3 Qf6 25. Rad1 d4 26. Bg4 Rc4 27. Bf5 h6 28. Nb2 Rc3 29. f3 exf3 30. gxf3 Bf4+ 31. Bg4 e4 32. Kh1 Rc2 33. fxe4 Rxg4 34. Qxg4 Bxe4+ 35. Kg1 Be3+ 0-1

[Event "Titled Tuesday intern op 28th Dec"]
[Site "Chess.com INT"]
[Date "2021.12.28"]
[Round "3"]
[White "Khanin, Semen"]
[Black "Urbina Perez, Juan Antonio"]
[Result "1-0"]
[WhiteElo "2512"]
[BlackElo "2284"]
[PlyCount "33"]
[EventDate "2021.12.28"]
[EventType "swiss (blitz)"]
[EventRounds "11"]
[EventCountry "USA"]
[SourceTitle "CBM 206 Extra"]
[Source "ChessBase"]
[SourceDate "2022.03.31"]
[SourceVersion "1"]
[SourceVersionDate "2022.03.31"]
[SourceQuality "1"]

1. c4 c6 2. Nc3 d5 3. d4 Nf6 4. Nf3 a6 5. e3 Bf5 6. b3 e6 7. Be2 Bb4 8. Bb2 Ne4 9. Rc1 Qa5 10. a3 Bxc3+ 11. Bxc3 Nxc3 12. Qd2 Qxa3 13. Qxc3 Nd7 14. c5 Qa2 15. Nh4 Be4 16. f3 Bb1 17. Kf2 1-0

[Event "Titled Tuesday intern op 28th Dec"]
[Site "Chess.com INT"]
[Date "2021.12.28"]
[Round "3"]
[White "Kiseleva, Arina"]
[Black "Novikova, Galina"]
[Result "0-1"]
[WhiteElo "1962"]
[BlackElo "2073"]
[PlyCount "60"]
[EventDate "2021.12.28"]
[EventType "swiss (blitz)"]
[EventRounds "11"]
[EventCountry "USA"]
[SourceTitle "CBM 206 Extra"]
[Source "ChessBase"]
[SourceDate "2022.03.31"]
[SourceVersion "1"]
[SourceVersionDate "2022.03.31"]
[SourceQuality "1"]

1. d4 d5 2. Nf3 Nc6 3. Bf4 Bf5 4. e3 e6 5. Bd3 Bg4 6. Nbd2 Bd6 7. h3 Bh5 8. Bxd6 cxd6 9. c3 e5 10. dxe5 dxe5 11. Be2 Nf6 12. Nxe5 Nxe5 13. Bxh5 Nd3+ 14. Kf1 Nxb2 15. Qe2 O-O 16. Bf3 Rc8 17. Rb1 Rxc3 18. g4 Nc4 19. Rxb7 Rc1+ 20. Kg2 Rc2 21. Rd1 Ne5 22. Qa6 Nxf3 23. Nxf3 Ne4 24. Rf1 Qc8 25. Qxa7 h6 26. Qb6 Rxa2 27. Qb3 Qa8 28. Nd4 Nc5 29. Qxd5 Qxb7 30. Nc6 Ne6 0-1

[Event "Titled Tuesday intern op 28th Dec"]
[Site "Chess.com INT"]
[Date "2021.12.28"]
[Round "3"]
[White "Korchmar, Vasiliy"]
[Black "Chen, Max"]
[Result "1-0"]
[WhiteElo "2450"]
[BlackElo "1997"]
[PlyCount "43"]
[EventDate "2021.12.28"]
[EventType "swiss (blitz)"]
[EventRounds "11"]
[EventCountry "USA"]
[SourceTitle "CBM 206 Extra"]
[Source "ChessBase"]
[SourceDate "2022.03.31"]
[SourceVersion "1"]
[SourceVersionDate "2022.03.31"]
[SourceQuality "1"]

1. e4 c5 2. Nf3 d6 3. d4 cxd4 4. Nxd4 Nf6 5. Nc3 a6 6. Be2 b5 7. Bf3 e5 8. Nf5 d5 9. Bg5 d4 10. Nd5 Qa5+ 11. Bd2 Qd8 12. Bg5 Qa5+ 13. b4 Bxb4+ 14. Nxb4 Qxb4+ 15. c3 dxc3 16. Nxg7+ Ke7 17. O-O Rg8 18. Qd5 Nbd7 19. Nf5+ Ke8 20. Bxf6 Nxf6 21. Qxa8 Qc5 22. Qxc8+ 1-0

[Event "Titled Tuesday intern op 28th Dec"]
[Site "Chess.com INT"]
[Date "2021.12.28"]
[Round "3"]
[White "Koridze, Lile"]
[Black "Jorquera Cahuin, Marcelo Joaquin"]
[Result "0-1"]
[WhiteElo "2001"]
[BlackElo "2233"]
[PlyCount "66"]
[EventDate "2021.12.28"]
[EventType "swiss (blitz)"]
[EventRounds "11"]
[EventCountry "USA"]
[SourceTitle "CBM 206 Extra"]
[Source "ChessBase"]
[SourceDate "2022.03.31"]
[SourceVersion "1"]
[SourceVersionDate "2022.03.31"]
[SourceQuality "1"]

1. d4 Nf6 2. c4 g6 3. Nc3 Bg7 4. e4 d6 5. Nf3 O-O 6. Be2 e5 7. O-O exd4 8. Nxd4 Re8 9. f3 c6 10. Bf4 Nh5 11. Be3 Be5 12. Bf2 Nf4 13. Bg3 Qg5 14. Kh1 Nh5 15. Bxe5 dxe5 16. Nb3 Nf4 17. Rg1 Be6 18. Qe1 h5 19. g3 Nxe2 20. Qxe2 Nd7 21. Rad1 a5 22. a4 Red8 23. c5 Qe7 24. Nd2 Nxc5 25. Nc4 Bxc4 26. Qxc4 Ne6 27. Ne2 Qb4 28. Qxb4 axb4 29. b3 Kf8 30. Nc1 Nc5 31. Kg2 Ke7 32. Kf2 Rxd1 33. Re1 Rxc1 0-1

[Event "Titled Tuesday intern op 28th Dec"]
[Site "Chess.com INT"]
[Date "2021.12.28"]
[Round "3"]
[White "Li, Hui"]
[Black "Ramasindraibe, Girard"]
[Result "0-1"]
[WhiteElo "1967"]
[BlackElo "2092"]
[PlyCount "88"]
[EventDate "2021.12.28"]
[EventType "swiss (blitz)"]
[EventRounds "11"]
[EventCountry "USA"]
[SourceTitle "CBM 206 Extra"]
[Source "ChessBase"]
[SourceDate "2022.03.31"]
[SourceVersion "1"]
[SourceVersionDate "2022.03.31"]
[SourceQuality "1"]

1. e4 b6 2. d4 Bb7 3. Bd3 e6 4. Nf3 Nf6 5. Qe2 Be7 6. c4 O-O 7. e5 Ne8 8. Nc3 d6 9. O-O c5 10. d5 exd5 11. Nxd5 Nc6 12. e6 Nf6 13. Bg5 Nxd5 14. cxd5 Bxg5 15. Nxg5 Qxg5 16. Qe4 f5 17. Qe3 Qxe3 18. fxe3 Ne5 19. Bxf5 Bxd5 20. b3 Rae8 21. Rad1 Bxe6 22. Bxe6+ Rxe6 23. Rxf8+ Kxf8 24. h3 Ke7 25. Kf2 Rf6+ 26. Ke2 Ke6 27. Rb1 d5 28. Rd1 Nc6 29. Rc1 Nb4 30. a3 Nc6 31. g4 Ke5 32. Rd1 Ke4 33. Rg1 Rf3 34. g5 Rxe3+ 35. Kd2 Rxb3 36. g6 h5 37. Rg5 Rxh3 38. a4 d4 39. Rg1 Rh2+ 40. Ke1 Ne5 41. Rf1 Nd3+ 42. Kd1 Ke3 43. Re1+ Nxe1 44. Kxe1 Rh1# 0-1

[Event "Titled Tuesday intern op 28th Dec"]
[Site "Chess.com INT"]
[Date "2021.12.28"]
[Round "3"]
[White "Lu, Jason"]
[Black "Sadykov, Ramil"]
[Result "0-1"]
[WhiteElo "2030"]
[BlackElo "2345"]
[PlyCount "40"]
[EventDate "2021.12.28"]
[EventType "swiss (blitz)"]
[EventRounds "11"]
[EventCountry "USA"]
[SourceTitle "CBM 206 Extra"]
[Source "ChessBase"]
[SourceDate "2022.03.31"]
[SourceVersion "1"]
[SourceVersionDate "2022.03.31"]
[SourceQuality "1"]

1. e4 c5 2. Nf3 e6 3. d4 cxd4 4. Nxd4 Nf6 5. Nc3 Nc6 6. Be3 Bb4 7. Bd3 d5 8. Nxc6 bxc6 9. exd5 cxd5 10. O-O O-O 11. a3 Bd6 12. Ne2 a5 13. c4 Rb8 14. cxd5 Nxd5 15. Bd4 e5 16. Bc3 Nxc3 17. Nxc3 Rxb2 18. Nb5 Bc5 19. Qc1 Bxf2+ 20. Kh1 Bd4 0-1

[Event "Titled Tuesday intern op 28th Dec"]
[Site "Chess.com INT"]
[Date "2021.12.28"]
[Round "3"]
[White "Makhmudov, Shukhrat"]
[Black "Winkels, Marcel"]
[Result "1-0"]
[WhiteElo "2115"]
[BlackElo "1979"]
[PlyCount "85"]
[EventDate "2021.12.28"]
[EventType "swiss (blitz)"]
[EventRounds "11"]
[EventCountry "USA"]
[SourceTitle "CBM 206 Extra"]
[Source "ChessBase"]
[SourceDate "2022.03.31"]
[SourceVersion "1"]
[SourceVersionDate "2022.03.31"]
[SourceQuality "1"]

1. e4 c6 2. Nc3 d5 3. exd5 cxd5 4. d4 Nf6 5. Bf4 g6 6. Bd3 Bg7 7. Nf3 O-O 8. h3 a6 9. Qd2 Nc6 10. Bh6 Re8 11. Bxg7 Kxg7 12. O-O e5 13. dxe5 Nxe5 14. Nxe5 Rxe5 15. Ne2 Qb6 16. c3 Ne4 17. Qc2 Bd7 18. Nd4 Rae8 19. Rfe1 Qf6 20. f3 Nc5 21. Rxe5 Qxe5 22. Bf1 h5 23. Qd2 Qg3 24. Qf2 Qe5 25. f4 Qe3 26. Qxe3 Rxe3 27. Kf2 Re4 28. g3 Bc6 29. Rd1 Na4 30. Rd2 Re7 31. Bg2 Nc5 32. Bf3 Ne4+ 33. Bxe4 Rxe4 34. Re2 Kf8 35. f5 g5 36. Rxe4 dxe4 37. Nxc6 bxc6 38. Ke3 Ke7 39. Kxe4 Kd6 40. b3 Kc5 41. Ke5 h4 42. gxh4 g4 43. hxg4 1-0

[Event "Titled Tuesday intern op 28th Dec"]
[Site "Chess.com INT"]
[Date "2021.12.28"]
[Round "3"]
[White "Manukyan, Sargis V"]
[Black "Manukyan, Sargis A"]
[Result "1/2-1/2"]
[WhiteElo "2253"]
[BlackElo "2113"]
[PlyCount "162"]
[EventDate "2021.12.28"]
[EventType "swiss (blitz)"]
[EventRounds "11"]
[EventCountry "USA"]
[SourceTitle "CBM 206 Extra"]
[Source "ChessBase"]
[SourceDate "2022.03.31"]
[SourceVersion "1"]
[SourceVersionDate "2022.03.31"]
[SourceQuality "1"]

1. d4 d5 2. c4 e6 3. Nc3 Nf6 4. cxd5 exd5 5. Bg5 Be7 6. e3 O-O 7. Bd3 Nbd7 8. Qc2 b6 9. Nf3 Bb7 10. O-O c5 11. Rad1 c4 12. Bf5 g6 13. Bh3 a6 14. Ne5 b5 15. a3 Re8 16. f4 Nf8 17. f5 N6d7 18. fxg6 Nxe5 19. gxh7+ Nxh7 20. Bxe7 Qxe7 21. dxe5 Qxe5 22. Rf3 Ng5 23. Rg3 Kg7 24. Bf5 Rh8 25. Rxg5+ Kf6 26. Rg3 Rag8 27. Bh3 Rxg3 28. hxg3 Qxg3 29. Qf2+ Qxf2+ 30. Kxf2 Ke5 31. Rd4 Bc6 32. Bg4 a5 33. Bf3 Rd8 34. Rf4 b4 35. axb4 axb4 36. Ne2 f6 37. Nd4 Bd7 38. Bh5 b3 39. Nf3+ Kd6 40. Rxf6+ Kc5 41. Bf7 Rf8 42. Nd4 Kb4 43. g4 Bxg4 44. Kg3 Bd7 45. Kf4 Be8 46. Rb6+ Ka5 47. Rb8 Rxf7+ 48. Ke5 Re7+ 49. Kxd5 Rxe3 50. Kxc4 Bf7+ 51. Kc5 Re5+ 52. Kd6 Rd5+ 53. Kc6 Rxd4 54. Rb5+ Ka4 55. Rc5 Rc4 56. Kb6 Rxc5 57. Kxc5 Bg6 58. Kd4 Bc2 59. Kc3 Kb5 60. Kd2 Kc5 61. Kc1 Kc4 62. Kd2 Kd4 63. Kc1 Be4 64. Kd2 Bb1 65. Kc1 Ba2 66. Kd2 Ke4 67. Kc1 Ke3 68. Kd1 Bb1 69. Kc1 Bg6 70. Kd1 Kd4 71. Kc1 Bc2 72. Kd2 Ke4 73. Kc1 Kf4 74. Kd2 Kf3 75. Kc1 Be4 76. Kd2 Kf2 77. Kc1 Kf1 78. Kd2 Bd5 79. Kc1 Ke1 80. Kb1 Kd2 81. Ka1 Kc1 1/2-1/2

[Event "Titled Tuesday intern op 28th Dec"]
[Site "Chess.com INT"]
[Date "2021.12.28"]
[Round "3"]
[White "Martin Carmona, Gaston Manuel"]
[Black "Xiong, Jeffery"]
[Result "0-1"]
[WhiteElo "2362"]
[BlackElo "2686"]
[PlyCount "104"]
[EventDate "2021.12.28"]
[EventType "swiss (blitz)"]
[EventRounds "11"]
[EventCountry "USA"]
[SourceTitle "CBM 206 Extra"]
[Source "ChessBase"]
[SourceDate "2022.03.31"]
[SourceVersion "1"]
[SourceVersionDate "2022.03.31"]
[SourceQuality "1"]

1. d4 Nf6 2. c4 c5 3. d5 b5 4. cxb5 a6 5. bxa6 g6 6. Nc3 Bxa6 7. e4 Bxf1 8. Kxf1 d6 9. g3 Bg7 10. Kg2 O-O 11. Nf3 Nbd7 12. a4 Qb6 13. Ra3 Rfb8 14. Nd2 Qb4 15. Qc2 Ng4 16. Nb5 Bd4 17. Nc4 Nde5 18. Nxe5 Nxe5 19. Rd1 Nc4 20. Rb3 Qxa4 21. Nxd4 Rxb3 22. Nxb3 Rb8 23. Nd4 Qxc2 24. Nxc2 Nxb2 25. Bxb2 Rxb2 26. Ne3 Rb4 27. Kf3 Kg7 28. Ra1 h5 29. Ra7 Kf6 30. Ra3 Rd4 31. Rc3 e6 32. dxe6 fxe6 33. Nc4 Ke7 34. Ne3 Kf6 35. h4 Rb4 36. Rd3 Ke5 37. Ng2 c4 38. Rd1 c3 39. Rc1 Rb3 40. Rc2 Kd4 41. Ne1 Rb2 42. Ke2 Kxe4 43. Kd1 Rb3 44. Ke2 d5 45. f3+ Kd4 46. Kd1 Kc4 47. Ke2 Rb2 48. Kd1 Rb1+ 49. Ke2 Kb3 50. g4 Rxe1+ 51. Kxe1 Kxc2 52. gxh5 gxh5 0-1

[Event "Titled Tuesday intern op 28th Dec"]
[Site "Chess.com INT"]
[Date "2021.12.28"]
[Round "3"]
[White "Matinian, Nikita"]
[Black "Fajdetic, Hrvoje"]
[Result "1-0"]
[WhiteElo "2454"]
[BlackElo "2151"]
[PlyCount "93"]
[EventDate "2021.12.28"]
[EventType "swiss (blitz)"]
[EventRounds "11"]
[EventCountry "USA"]
[SourceTitle "CBM 206 Extra"]
[Source "ChessBase"]
[SourceDate "2022.03.31"]
[SourceVersion "1"]
[SourceVersionDate "2022.03.31"]
[SourceQuality "1"]

1. e4 e6 2. d4 d5 3. Nc3 dxe4 4. Nxe4 Nd7 5. Nf3 Ngf6 6. Bg5 Be7 7. Nxf6+ Bxf6 8. h4 h6 9. Be3 c5 10. c3 Qb6 11. Qb3 Qxb3 12. axb3 cxd4 13. Nxd4 O-O 14. Nb5 a6 15. Nd6 Ne5 16. Be2 Rd8 17. Nxc8 Raxc8 18. g4 Nd3+ 19. Bxd3 Rxd3 20. Ke2 Rcd8 21. g5 hxg5 22. hxg5 Rxe3+ 23. fxe3 Bxg5 24. Rad1 Rb8 25. Rd7 b5 26. b4 Rb6 27. Rhd1 e5 28. R1d6 Rb8 29. Rxa6 f5 30. Rda7 Kh7 31. Ra8 Rb7 32. R8a7 Rb8 33. Re6 e4 34. Re5 Kg6 35. Rc5 Rd8 36. Ra6+ Bf6 37. Rxb5 Kg5 38. Rc5 Rh8 39. b5 Rh2+ 40. Kd1 Kg4 41. b6 Bg5 42. Rb5 Bxe3 43. b7 Rd2+ 44. Ke1 Kf3 45. Rxf5+ Bf4 46. Rxf4+ Kxf4 47. Kxd2 1-0

[Event "Titled Tuesday intern op 28th Dec"]
[Site "Chess.com INT"]
[Date "2021.12.28"]
[Round "3"]
[White "Matthiesen, Martin"]
[Black "Nazaretyan, Tigran"]
[Result "1/2-1/2"]
[WhiteElo "2320"]
[BlackElo "2316"]
[PlyCount "132"]
[EventDate "2021.12.28"]
[EventType "swiss (blitz)"]
[EventRounds "11"]
[EventCountry "USA"]
[SourceTitle "CBM 206 Extra"]
[Source "ChessBase"]
[SourceDate "2022.03.31"]
[SourceVersion "1"]
[SourceVersionDate "2022.03.31"]
[SourceQuality "1"]

1. d4 Nf6 2. c4 c5 3. d5 b5 4. cxb5 a6 5. bxa6 Bxa6 6. Nc3 g6 7. e4 Bxf1 8. Kxf1 d6 9. Nf3 Qc8 10. h3 Qa6+ 11. Kg1 Bg7 12. Kh2 O-O 13. a4 Nbd7 14. Ra3 Rfb8 15. Re1 Rb4 16. b3 Ng4+ 17. hxg4 Bxc3 18. Bd2 Bxd2 19. Nxd2 Ne5 20. Re3 Rd4 21. Qe2 Qxe2 22. Rxe2 Nxg4+ 23. Kg1 Ne5 24. f3 Rd3 25. Ra1 h5 26. Kf2 Kf8 27. Ra2 Ke8 28. Re1 Rc3 29. Ke2 Nd3 30. Rea1 Nb4 31. Rb2 g5 32. Nc4 Nc2 33. Kd2 Rxc4 34. Rxc2 Rd4+ 35. Kc3 f5 36. Rd2 Rxd2 37. Kxd2 fxe4 38. fxe4 Kd7 39. Ke3 Rb8 40. Ra3 h4 41. Kf3 Rb4 42. Kg4 Rxe4+ 43. Kxg5 Kc7 44. Kh5 Kb6 45. a5+ Ka6 46. Kg5 Rd4 47. Kh5 Rxd5+ 48. Kxh4 Rd3 49. Ra1 Rxb3 50. g4 c4 51. g5 c3 52. g6 c2 53. Rc1 Rc3 54. g7 Rc8 55. Rxc2 Rg8 56. Rg2 Kxa5 57. Kh5 Kb4 58. Kg6 d5 59. Kf7 Rxg7+ 60. Rxg7 d4 61. Kxe7 d3 62. Kd6 d2 63. Rg1 Kc3 64. Kd5 Kc2 65. Kd4 d1=Q+ 66. Rxd1 Kxd1 1/2-1/2

[Event "Titled Tuesday intern op 28th Dec"]
[Site "Chess.com INT"]
[Date "2021.12.28"]
[Round "3"]
[White "Mestnikov, Aisen"]
[Black "Gabrielian, Artur"]
[Result "0-1"]
[WhiteElo "2096"]
[BlackElo "2464"]
[PlyCount "46"]
[EventDate "2021.12.28"]
[EventType "swiss (blitz)"]
[EventRounds "11"]
[EventCountry "USA"]
[SourceTitle "CBM 206 Extra"]
[Source "ChessBase"]
[SourceDate "2022.03.31"]
[SourceVersion "1"]
[SourceVersionDate "2022.03.31"]
[SourceQuality "1"]

1. d4 Nf6 2. Nf3 g6 3. c4 Bg7 4. g3 O-O 5. Bg2 d6 6. O-O Nbd7 7. Nc3 e5 8. d5 a5 9. e4 Nc5 10. Qc2 a4 11. Be3 Nfd7 12. Ne1 f5 13. f4 exf4 14. Bxf4 fxe4 15. Nxe4 a3 16. Bc1 Rxf1+ 17. Kxf1 Nxe4 18. Qxe4 axb2 19. Bxb2 Bxb2 20. Rb1 Bg7 21. Nf3 Nc5 22. Qe2 Bf5 23. Re1 Bd3 0-1

[Event "Titled Tuesday intern op 28th Dec"]
[Site "Chess.com INT"]
[Date "2021.12.28"]
[Round "3"]
[White "Mikhailovsky, Vladimir"]
[Black "Yakubboev, Nodirbek"]
[Result "0-1"]
[WhiteElo "2184"]
[BlackElo "2630"]
[PlyCount "54"]
[EventDate "2021.12.28"]
[EventType "swiss (blitz)"]
[EventRounds "11"]
[EventCountry "USA"]
[SourceTitle "CBM 206 Extra"]
[Source "ChessBase"]
[SourceDate "2022.03.31"]
[SourceVersion "1"]
[SourceVersionDate "2022.03.31"]
[SourceQuality "1"]

1. d4 Nf6 2. c4 g6 3. Nc3 Bg7 4. Nf3 d6 5. g3 O-O 6. Bg2 Nc6 7. O-O e5 8. dxe5 dxe5 9. Bg5 Be6 10. Qa4 Qc8 11. Rfd1 Nd7 12. Nd5 Re8 13. Nd2 h6 14. Be3 Nd4 15. Bxd4 exd4 16. Nf4 Bg4 17. Nf3 g5 18. Nd5 c6 19. Nb4 Rxe2 20. Nd3 Nb6 21. Qb3 Qf5 22. Nde1 Rae8 23. Qa3 Nxc4 24. Qxa7 Nxb2 25. Rdc1 d3 26. h3 Bxf3 27. Nxf3 d2 0-1

[Event "Titled Tuesday intern op 28th Dec"]
[Site "Chess.com INT"]
[Date "2021.12.28"]
[Round "3"]
[White "Moskalenko, Alexander"]
[Black "Bayo Milagro, Alvaro"]
[Result "0-1"]
[WhiteElo "2514"]
[BlackElo "2280"]
[PlyCount "72"]
[EventDate "2021.12.28"]
[EventType "swiss (blitz)"]
[EventRounds "11"]
[EventCountry "USA"]
[SourceTitle "CBM 206 Extra"]
[Source "ChessBase"]
[SourceDate "2022.03.31"]
[SourceVersion "1"]
[SourceVersionDate "2022.03.31"]
[SourceQuality "1"]

1. e4 e5 2. Nf3 Nc6 3. d4 exd4 4. Nxd4 Bc5 5. Nb3 Bb6 6. Nc3 d6 7. Qe2 Be6 8. Be3 Nge7 9. O-O-O Qd7 10. g3 O-O-O 11. Bg2 Kb8 12. Rhe1 h5 13. h4 Bg4 14. f3 Be6 15. f4 Bg4 16. Bf3 Rhe8 17. Bxb6 axb6 18. Bxg4 Qxg4 19. Qxg4 hxg4 20. Nd5 f5 21. Nxe7 Nxe7 22. Nd4 fxe4 23. Rxe4 c5 24. Ne6 Nf5 25. Ree1 Rd7 26. Nxc5 Rde7 27. Rxe7 Rxe7 28. Na4 Nxg3 29. Rxd6 Ne2+ 30. Kd2 Nxf4 31. Rd4 Re2+ 32. Kd1 Rf2 33. Nxb6 g3 34. Ke1 Ng2+ 35. Kd1 Ne3+ 36. Kc1 g2 0-1

[Event "Titled Tuesday intern op 28th Dec"]
[Site "Chess.com INT"]
[Date "2021.12.28"]
[Round "3"]
[White "Moskvin, Anatoly"]
[Black "Staudner, Oliver"]
[Result "0-1"]
[WhiteElo "2170"]
[BlackElo "2398"]
[PlyCount "74"]
[EventDate "2021.12.28"]
[EventType "swiss (blitz)"]
[EventRounds "11"]
[EventCountry "USA"]
[SourceTitle "CBM 206 Extra"]
[Source "ChessBase"]
[SourceDate "2022.03.31"]
[SourceVersion "1"]
[SourceVersionDate "2022.03.31"]
[SourceQuality "1"]

1. e4 e6 2. d3 d5 3. Nd2 Nc6 4. Ngf3 Nf6 5. e5 Nd7 6. d4 f6 7. Bb5 Bb4 8. c3 Ba5 9. O-O O-O 10. Bxc6 bxc6 11. Re1 fxe5 12. Nxe5 Nxe5 13. Rxe5 Qf6 14. Nf3 c5 15. dxc5 c6 16. Bg5 Qf7 17. Qd4 Bc7 18. Ree1 h6 19. Bh4 Rb8 20. b4 a5 21. a3 e5 22. Nxe5 Bxe5 23. Rxe5 Bf5 24. Rae1 Rfe8 25. f3 axb4 26. axb4 Ra8 27. h3 Rxe5 28. Rxe5 Re8 29. Qe3 Rxe5 30. Qxe5 Bd3 31. Bf2 Bb5 32. Bd4 Qg6 33. h4 h5 34. g4 hxg4 35. h5 Qh6 36. fxg4 Kh7 37. Be3 Qf6 0-1

[Event "Titled Tuesday intern op 28th Dec"]
[Site "Chess.com INT"]
[Date "2021.12.28"]
[Round "3"]
[White "Myradow, Soltan"]
[Black "Goncharov, Vladimir"]
[Result "1-0"]
[WhiteElo "2233"]
[BlackElo "2077"]
[PlyCount "67"]
[EventDate "2021.12.28"]
[EventType "swiss (blitz)"]
[EventRounds "11"]
[EventCountry "USA"]
[SourceTitle "CBM 206 Extra"]
[Source "ChessBase"]
[SourceDate "2022.03.31"]
[SourceVersion "1"]
[SourceVersionDate "2022.03.31"]
[SourceQuality "1"]

1. d4 Nf6 2. Nf3 e6 3. c4 c5 4. d5 exd5 5. cxd5 d6 6. Nc3 g6 7. e4 Bg7 8. Bd3 O-O 9. O-O Bg4 10. a4 Nbd7 11. h3 Bxf3 12. Qxf3 Ne5 13. Qe2 Nxd3 14. Qxd3 Nd7 15. f4 Re8 16. Bd2 Qb6 17. Qc2 c4+ 18. Kh1 Nc5 19. a5 Qb3 20. Qb1 Bxc3 21. Bxc3 Nxe4 22. Rf3 f5 23. Qg1 Re7 24. Rc1 Nxc3 25. Rfxc3 Qxb2 26. Rxc4 Rae8 27. R4c2 Qb5 28. Qxa7 Qxd5 29. Rc8 Rxc8 30. Rxc8+ Kg7 31. Qb8 Re2 32. Rc7+ Kh6 33. Qf8+ Kh5 34. Rxh7# 1-0

[Event "Titled Tuesday intern op 28th Dec"]
[Site "Chess.com INT"]
[Date "2021.12.28"]
[Round "3"]
[White "Nastore, Pavel Alexandru"]
[Black "Bashirli, Saadat"]
[Result "1/2-1/2"]
[WhiteElo "2329"]
[BlackElo "1395"]
[PlyCount "126"]
[EventDate "2021.12.28"]
[EventType "swiss (blitz)"]
[EventRounds "11"]
[EventCountry "USA"]
[SourceTitle "CBM 206 Extra"]
[Source "ChessBase"]
[SourceDate "2022.03.31"]
[SourceVersion "1"]
[SourceVersionDate "2022.03.31"]
[SourceQuality "1"]

1. e4 c5 2. Nf3 g6 3. d4 cxd4 4. Nxd4 Nc6 5. c4 Nf6 6. Nc3 Nxd4 7. Qxd4 d6 8. f3 Bg7 9. Be3 O-O 10. Qd2 Nd7 11. Rc1 a5 12. b3 Ne5 13. Be2 Be6 14. O-O Nc6 15. Rfd1 Nb4 16. Na4 Ra6 17. c5 Rc6 18. Bb5 Rc8 19. cxd6 Rxc1 20. Qxc1 exd6 21. Qd2 d5 22. Bc5 d4 23. a3 Nc6 24. Bxc6 bxc6 25. Bxf8 Qxf8 26. Qb2 Qb8 27. b4 axb4 28. axb4 Qb5 29. Nc5 Bc4 30. Kf2 Qa4 31. Rxd4 Bxd4+ 32. Qxd4 Qc2+ 33. Kg3 Bf1 34. Qf2 Qc1 35. Nd7 Qg5+ 36. Kh3 Bc4 37. Nc5 Bb3 38. Qh4 Qe5 39. Qd8+ Kg7 40. Nd7 Qe6+ 41. Kg3 Qd6+ 42. Kf2 Qd2+ 43. Kg3 Qd6+ 44. e5 Qxb4 45. Qf6+ Kg8 46. Qd8+ Kg7 47. Qf6+ Kg8 48. e6 Qd6+ 49. Kh4 Qxh2+ 50. Kg4 Qxg2+ 51. Kf4 g5+ 52. Ke3 Qg1+ 53. Ke4 Qe1+ 54. Kd3 Qd1+ 55. Kc3 Qc2+ 56. Kb4 Qc4+ 57. Ka3 Qa4+ 58. Kb2 Qa2+ 59. Kc3 Qc2+ 60. Kb4 Qc4+ 61. Ka3 Qa4+ 62. Kb2 Qa2+ 63. Kc3 Qc2+ 1/2-1/2

[Event "Titled Tuesday intern op 28th Dec"]
[Site "Chess.com INT"]
[Date "2021.12.28"]
[Round "3"]
[White "Nechaeva, Marina"]
[Black "Starozhilov, Leonid"]
[Result "0-1"]
[WhiteElo "2384"]
[BlackElo "2293"]
[PlyCount "78"]
[EventDate "2021.12.28"]
[EventType "swiss (blitz)"]
[EventRounds "11"]
[EventCountry "USA"]
[SourceTitle "CBM 206 Extra"]
[Source "ChessBase"]
[SourceDate "2022.03.31"]
[SourceVersion "1"]
[SourceVersionDate "2022.03.31"]
[SourceQuality "1"]

1. d4 Nf6 2. c4 g6 3. Nf3 Bg7 4. g3 d6 5. Bg2 O-O 6. O-O c6 7. Nc3 Bf5 8. Nh4 Be6 9. d5 cxd5 10. cxd5 Bd7 11. Nf3 a5 12. h3 b5 13. a3 Ra6 14. Nd4 b4 15. Ncb5 bxa3 16. Rxa3 Qb6 17. Qa4 Rc8 18. Be3 Rc5 19. Nc6 Qxb5 20. Bxc5 Qxa4 21. Rxa4 dxc5 22. Nxb8 Rb6 23. Nxd7 Nxd7 24. Rxa5 Rxb2 25. e3 Bf6 26. Ra8+ Kg7 27. Rc8 Rc2 28. f4 c4 29. e4 Bd4+ 30. Kh1 c3 31. Rc7 Nc5 32. Rxe7 Rd2 33. Rc7 c2 34. Bf3 Rd3 35. Bg4 h5 36. Be2 Re3 37. Bb5 Nxe4 38. Rxc2 Nxg3+ 39. Kg2 Nxf1 0-1